000 00480nam a2200181Ia 4500
001 5224
005 20260306145852.0
008 260306t2012||||xx |||||||||||||| ||spa||
041 _aESP
082 _a338.20985
_bG83
100 _aGrupo Propuesta Ciudadana
_eAUT
245 0 _aVigilancia de las industrias extractivas:
_breporte nacional Nº 15 Perú 2012
260 _c2012
300 _a59 páginas :
_c30 cm.
650 _aGEN
654 _aCAN
942 _cLIB
_dJUS
_fJUS
_2ddc
_n
999 _c5224
_d5224